Statistics for Rainbow Six Siege (Updated)

Click here to take the quiz!

General Stats

  • This quiz has been taken 1,029 times
  • The average score is 28 of 30

Answer Stats

HintAnswer% Correct
Breaching HammerSledge
100%
Electronic JammersMute
98%
Deployable ArmourRook
98%
Gun ShieldBlackBeard
97%
Flash ShieldBlitz
97%
Syringe GunDoc
97%
Bear TrapFrost
97%
Cardiac ScannerPulse
97%
Emp gernadesThatcher
97%
Shock DroneTwitch
97%
Breaching charge launcherAsh
96%
Electric WireBandit
96%
Kevlar BarricadesCastle
96%
Designated Sniper RifleGlaz
96%
Laser TripwiresKapkan
96%
Toxic Nitro-CellsSmoke
96%
Special Breaching ChargeThermite
96%
Cluster ChargesFuze
95%
Electronic ScannerIQ
95%
Active Defense SystemJager
95%
Deployable LMGTachanka
95%
Masterkey ShotgunBuck
93%
One-way MirrorMira
93%
YokaiEcho
92%
Footstep TrackerJackal
92%
Extendable Riot ShieldMontagne
92%
CrossbowCapitao
91%
Throwable CamerasValkyrie
91%
Silent StepCaveira
89%
Special PelletsHibana
88%

Score Distribution

Percentile by Number Answered

Percent of People with Each Score

Your Score History

You have not taken this quiz